00682cam a2200241 n 4500001001400000003000400014005001700018008004100035020001400076040002900090082001700119100002900136245004900165264004100214300002200255336002100277337002500298338002300323440002700346490002200373650002300395830002200418vtls000128845PNM20230712154225.0910225s1964 my g 000 f ind  qpaperback aPNMbengcPNMdPPAKerda04223a899.22131 aMutyara, A. G.,eauthor.10aLEBOR-NYA KERATON ACHEH /coleh A.G. Mutyara 1aKuala Lumpur :bAngkatan Baru,c196400a68 pages :c17 cm atext2rdacontent aunmediated2rdamedia avolume2rdacarrier 0aSiri roman penghidupan1 aROMAN PENGHIDUPAN10aIndonesian fiction 0aRoman penghidupan